| 000 | 01097nam0a2200325 i 4500 | ||
|---|---|---|---|
| 001 | RU\NLR\BIBL_A\011131445 | ||
| 005 | 20240921112856.0 | ||
| 010 |
_a9785389097872 _94000 |
||
| 021 |
_aRU _b2016-34502 _92214 |
||
| 035 | _a(NILC)RuMoRGB-008469411 | ||
| 035 | _a(NLR Aleph) 011131445 | ||
| 090 |
_a11569922 _c11569922 |
||
| 100 | _a20160518d2016 m y0rusy50 ca | ||
| 101 | 1 |
_arus _ceng |
|
| 102 | _aRU | ||
| 105 | _ab z 000ay | ||
| 200 | 1 |
_aВосход _e[роман] _fВиктория Хислоп _g[пер. с англ. Ирины Нелюбовой] |
|
| 210 |
_aСанкт-Петербург _cАзбука _d2016 |
||
| 215 |
_a382, [1] с. _cкарт. _d21 |
||
| 320 | _aДр. произведения авт. на 2-й с. | ||
| 333 | _a16+ | ||
| 675 | _a821.111 | ||
| 686 | 1 | _aШ6(4Вл)67-440.4{Лх1299-50} | |
| 700 | 1 |
_7ca _8rus _aХислоп _bВ. _f1959- _gВиктория _9209659 _3RU\NLR\AUTH\770209713 |
|
| 801 | 0 |
_aRU _bРГБ _c20160426 _gRCR |
|
| 801 | 1 |
_aRU _bРГБ _c20160426 _2rusmarc |
|
| 942 | _cBOOK | ||
| 980 | _aNBR | ||